Catálogo

Las lágrimas de Eros / (Registro nro. 24439)

Detalles MARC
000 -LEADER
fixed length control field 01346nam a2200373 a 4500
001 - CONTROL NUMBER
control field 24439
003 - CONTROL NUMBER IDENTIFIER
control field Mx-PuUPA
005 - DATE AND TIME OF LATEST TRANSACTION
control field 20250610151128.0
008 - FIXED-LENGTH DATA ELEMENTS--GENERAL INFORMATION
fixed length control field 140415s2013 a gr 001 0 spa d
020 ## - INTERNATIONAL STANDARD BOOK NUMBER
International Standard Book Number 9786074214345
040 ## - CATALOGING SOURCE
Original cataloging agency Mx-PuUPA
Language of cataloging spa
Transcribing agency Mx-PuUPA
Modifying agency Mx-PuUPA
Description conventions rda
041 1# - LANGUAGE CODE
Language code of text/sound track or separate title spa
Language code of original fre
100 1# - MAIN ENTRY--PERSONAL NAME
Personal name Bataille, Georges,
Dates associated with a name 1897-1962
9 (RLIN) 17157
Relator term autor
240 ## - UNIFORM TITLE
Uniform title Les larmes d'Eros.
Language of a work Español.
245 13 - TITLE STATEMENT
Title Las lágrimas de Eros /
Statement of responsibility, etc. Georges Bataille ; iconografía en colaboración con J.M. Lo Duca ; traducción David Fernández
250 ## - EDITION STATEMENT
Edition statement 1a edición /
Remainder of edition statement abril
264 ## - PRODUCTION, PUBLICATION, DISTRIBUTION, MANUFACTURE, AND COPYRIGHT NOTICE
Place of production, publication, distribution, manufacture México, D.F. :
Name of producer, publisher, distributor, manufacturer Tusquet Editores México
Date of production, publication, distribution, manufacture, or copyright notice 2013
300 ## - PHYSICAL DESCRIPTION
Extent 266 páginas :
Other physical details ilustraciones (blanco y negro) ;
Dimensions 19 cm
336 ## - CONTENT TYPE
Fuente rdacontent
Content type term texto
Content type code txt
337 ## - MEDIA TYPE
Source rdamedia
Media type term sin medio
Media type code n
338 ## - CARRIER TYPE
Source rdacarrier
Carrier type term volumen
Carrier type code nc
490 0# - SERIES STATEMENT
Series statement Maxi
650 #7 - SUBJECT ADDED ENTRY--TOPICAL TERM
Topical term or geographic name entry element Amor en el arte
Source of heading or term armarc
650 #7 - SUBJECT ADDED ENTRY--TOPICAL TERM
Source of heading or term armarc
Topical term or geographic name entry element Relaciones sexuales
650 #7 - SUBJECT ADDED ENTRY--TOPICAL TERM
Source of heading or term armarc
Topical term or geographic name entry element Sexo en el arte
650 #7 - SUBJECT ADDED ENTRY--TOPICAL TERM
Source of heading or term armarc
Topical term or geographic name entry element Arte erótico
650 #7 - SUBJECT ADDED ENTRY--TOPICAL TERM
Source of heading or term armarc
Topical term or geographic name entry element Hallazgos
General subdivision Arte
-- Historia
Geographic subdivision Grecia
700 1# - ADDED ENTRY--PERSONAL NAME
Personal name Lo Duca, J.M.
Relator term colaborador
765 1# - ORIGINAL LANGUAGE ENTRY
Main entry heading Bataille, George
Title Les larmes d'Eros
942 ## - ADDED ENTRY ELEMENTS (KOHA)
Source of classification or shelving scheme Dewey Decimal Classification
Koha item type Libro
Classification part 700.4543
Existencias
Withdrawn status Lost status Source of classification or shelving scheme Damaged status Not for loan Collection code Home library Current library Shelving location Date acquired Source of acquisition Cost, normal purchase price Total Checkouts Full call number Barcode Date last seen Cost, replacement price Price effective from Koha item type
    Dewey Decimal Classification     General Biblioteca Karol Wojtyla Biblioteca Karol Wojtyla Sala general 03/12/2024 Donación 0.00   700.4543 B3218 2013 45594 05/01/2026 0.00 03/12/2013 Libro